| Tag |
First Indicator |
Second Indicator |
Subfields |
| LEADER |
00000cam a2200000 a 4500 |
| 001 |
in00000013390 |
| 005 |
20151007052410.0 |
| 008 |
840906s1983 gw b 00010 ger d |
| 020 |
|
|
|a 3820471855
|
| 035 |
|
|
|a (OCoLC)11126144
|
| 035 |
|
|
|9 AAA7608AM
|
| 040 |
|
|
|a OSU
|c OSU
|d OCL
|d m/c
|d TXA
|d UtOrBLW
|
| 049 |
|
|
|a TXAM
|c [A12607247]
|
| 050 |
|
4 |
|a DA586
|b .W45 1983
|
| 100 |
1 |
|
|a Wehner, Gerd.
|
| 245 |
1 |
0 |
|a Grossbritannien und Polen 1938-1939 :
|b die britische Polen- Politik zwischen München und dem Ausbruch des Zweiten Weltkrieges /
|c Gerd Wehner.
|
| 264 |
|
1 |
|a Frankfurt am Main :
|b P. Lang,
|c [1983]
|
| 264 |
|
4 |
|c ©1983
|
| 300 |
|
|
|a 312 pages ;
|c 21 cm.
|
| 336 |
|
|
|a text
|b txt
|2 rdacontent
|
| 337 |
|
|
|a unmediated
|b n
|2 rdamedia
|
| 338 |
|
|
|a volume
|b nc
|2 rdacarrier
|
| 490 |
1 |
|
|a Europäische Hochschulschriften. Reihe III, Geschichte und ihre Hilfswissenschaften,
|x 0531-7320 ;
|v Bd. 183 =
|a Publications universitaires européenes. Série III, Histoire, sciences auxilliaries de l'histoire ;
|v v. 183 =
|a European university studies. Series III, History and allied studies ;
|v v. 183
|
| 504 |
|
|
|a Bibliography: pages 297-312.
|
| 651 |
|
0 |
|a Great Britain
|x Foreign relations
|z Poland.
|
| 651 |
|
0 |
|a Poland
|x Foreign relations
|z Great Britain.
|
| 651 |
|
0 |
|a Great Britain
|x Politics and government
|y 1936-1945.
|
| 830 |
|
0 |
|a Europäische Hochschulschriften.
|n Reihe III,
|p Geschichte und ihre Hilfswissenschaften ;
|v Bd. 183.
|
| 999 |
|
|
|a MARS
|
| 999 |
f |
f |
|s 3997ab50-42d5-3d28-b3c8-d7ef2404637e
|i 6a10fee2-75a0-343f-945a-7656797eb52c
|t 0
|
| 952 |
f |
f |
|p ric
|a Texas A&M University
|b Rellis Campus
|c Joint Library Facility
|d Remote Storage
|t 0
|e DA586 .W45 1983
|h Library of Congress classification
|i unmediated -- volume
|m A14812607247
|
| 998 |
f |
f |
|a DA586 .W45 1983
|t 0
|l Remote Storage
|